=LDR 00000nam 2200000 4500 =001 001065 =005 20250713090858 =035 ##$$a 0010-0725000946 =007 ta =008 250713################a##########0#ind## =020 ##$$a 987-623-118-787-1 =082 ##$$a 398. 209 598 =084 ##$$a 398. 209 598 ASM k =100 #$$a Asmalia, Esti =245 1#$$a Kenari, Teruslah, Bersinar! /$c Esti Asmalia =250 ##$$a Cetakan Kedua =260 ##$$a Jakarta Timur :$b Badan Pengembangan dan Pembinaan Bahasa,$c 2024 =300 ##$$a 36 hlm. : $b Ilus. ; $c 29,7 cm =650 #4$$a Cerita Anak-Indonesia =650 #4$$a Kesusastraan Indonesia =990 ##$$a TBM202400654